| 000 | 01170nam0a2200337 4500 | ||
|---|---|---|---|
| 001 | RU\NLR\bibl\1810141 | ||
| 005 | 20250616153322.0 | ||
| 010 |
_a978-5-904090-78-4 _93000 |
||
| 021 |
_aRU _b2011-61456 _94321 |
||
| 035 | _a(NLR Aleph) 001800761 | ||
| 090 |
_a1792376 _c1792376 |
||
| 100 | _a20110916d2011 |||y0rusy50 ca | ||
| 101 | 1 |
_arus _ceng |
|
| 102 | _aRU | ||
| 105 | _aa ||||||||| | ||
| 200 | 1 |
_aМашины _e[для детей младшего школьного возраста (7-10 лет.)] _fГордон Вольк _g[пер. с англ. О. Свитовой] |
|
| 210 |
_aМосква _cЛиттерра _d2011 |
||
| 215 |
_a[10] с. с движущимися деталями _cцв. ил. _d29х29 |
||
| 225 | 1 | _aКак это работает | |
| 606 | 1 |
_aМашины _jИздания для детей _91046097 _3RU\NLR\auth\6685568 |
|
| 686 |
_aШ9 _bЖ/О |
||
| 700 | 1 |
_aВольк _bГ. _gГордон _4070 |
|
| 801 | 0 |
_aRU _bNLR _c20110916 _gRCR |
|
| 801 | 1 |
_aRU _bNLR _c20110916 |
|
| 830 | _aавт. по кн. | ||
| 852 |
_aNLR _jИгр/995 |
||
| 942 | _cBOOK | ||
| 980 | _aNB | ||